World risk society

Αποθηκεύτηκε σε:
Λεπτομέρειες βιβλιογραφικής εγγραφής
Κύριος συγγραφέας: Beck, Ulrich 1944-
Μορφή: Βιβλίο
Γλώσσα:English
Δημοσίευση: Malden, MA : Polity Press, 2007, c1999
Έκδοση:1st ed., Repr.
Θέματα:
Ετικέτες: Προσθήκη ετικέτας
Δεν υπάρχουν, Καταχωρήστε ετικέτα πρώτοι!

MARC

LEADER 00000nam a2200000 i 4500
001 1/62585
008 071112s19992007 eng d
020 |a 978-0-7456-2221-7 
035 |l 10092223 
040 |a GR-MY-UA  |b gre  |e aacr 
041 0 |a eng 
082 0 |a 302.12  |2 (22) 
100 1 |a Beck, Ulrich  |d 1944- 
245 1 0 |a World risk society /  |c Ulrich Beck 
250 |a 1st ed., Repr. 
260 |a Malden, MA :   |b Polity Press,   |c 2007, c1999 
300 |a viii, 184 σ.;  |c εικ. 
504 |a Περιέχει βιβλιογραφικές παραπομπές (σ. [161]-167) και ευρετήριο. 
650 0 0 |a Risk  |x Social aspects. 
650 0 0 |a Risk  |x Sociological aspects. 
650 0 0 |a Technology  |x Social aspects. 
650 0 0 |a Environmental degradation. 
650 0 0 |a Industries  |x Environmental aspects. 
852 |a INST  |b SAMOS  |e 20071112  |h 302.12 BEC  |p 005300027822  |q 005300027822  |t BK  |y 0 
901 |a BIBL3-2007-3 
909 |a Σ  |b 140028 
922 |a 3ΕΛΗ  |b 200710  |c ΕΠΕΑΕΚ2/ΤΜΠΕΣ  |d ΠΑΠΑΣΩΤΗΡΙΟΥ 
970 |a ΣΙΤΖΙΜΗ  |b ΓΙΑΣΕΜΗ  |z 2007/11/12